000 00687pam a2200229 a 4500
001 2438433
005 20180209071201.0
008 881028s1989 enka b 001 0 eng
010 _a 88031571
020 _a0521355621
040 _aDLC
_cDLC
_dDLC
041 _aeng
080 _a330.1 RAN
082 0 0 _a330.1 RAN
_219
100 1 _a52
101 _aECO
245 1 0 _aEconomics and power :
_cRandall Bartlett.
504 _aIncludes bibliographical references.
906 _a7
_bcbc
_corignew
_d1
_eocip
_f19
_gy-gencatlg
942 _2ddc
_cBK
999 _c42251
_d42251